000 00468nam a2200193Ia 4500
005 20250423094708.0
008 250422s9999 xx 000 0 und d
020 _a9781259255359
050 _aRA 1211 .K53/
100 _aKlaassen, Curtis D.
245 0 _aCasarett & Doull's essentials of toxicology
250 _a3rd ed.
260 _aNew York
260 _bMcGraw-Hill Medical
260 _c2015
300 _a524 p
650 _aToxicology.
942 _cBK
999 _c28016
_d28016